| 000 | 01186cam a22002653a 4500 | ||
|---|---|---|---|
| 001 | 4387 | ||
| 003 | PGUSA | ||
| 005 | 20140828083053.0 | ||
| 008 | 030801s2003||||xxu|||||s|||||000 | eng d | ||
| 040 |
_aPGUSA _beng |
||
| 042 | _adc | ||
| 050 | 4 | _aPS | |
| 100 | 1 |
_aBierce, Ambrose, _d1842-1913 |
|
| 245 | 1 | 0 |
_aPresent at a Hanging and Other Ghost Stories _h[electronic resource] / _cAmbrose Bierce |
| 260 |
_bProject Gutenberg, _c2003 |
||
| 505 | 0 | _aPresent at a hanging -- A cold greeting -- A wireless message -- An arrest -- A man with two lives -- Three and two are one -- A baffled ambuscade -- Two military executions -- The Isle of Pines -- A fruitless assignment -- A vine on a house -- At old man Eckert's -- The Spook House -- The other lodgers -- The thing at Nolan -- The difficulty of crossing a field -- An unfinished race -- Charles Ashmore's trail -- Science to the front. | |
| 506 | _aPublic domain in the USA. | ||
| 516 | _aElectronic text | ||
| 653 | _aGhost stories, American | ||
| 653 | _aShort stories, American | ||
| 653 | _aHorror tales, American | ||
| 830 | 0 |
_aProject Gutenberg _v4387 |
|
| 856 | 4 | 0 | _uhttp://www.gutenberg.org/ebooks/4387 |
| 942 | _cEB | ||
| 999 |
_c233716 _d233716 |
||